ՀՀ Գիտությունների ազգային ակադեմիայի հիմնարար գիտական գրադարան  =   Fundamental Scientific Library of NAS RA

Արարատեան ընկերութիւն : (Record no. 121931)

MARC details
000 -LEADER
fixed length control field 00837nam a2200205 a 4500
001 - CONTROL NUMBER
control field 000326663
003 - CONTROL NUMBER IDENTIFIER
control field AM-YeHGA
005 - DATE AND TIME OF LATEST TRANSACTION
control field 20250618072045.0
008 - FIXED-LENGTH DATA ELEMENTS--GENERAL INFORMATION
fixed length control field 040413s1879 ||| r 000 0 arm d
040 ## - CATALOGING SOURCE
Original cataloging agency AM-YeHGA
041 0# - LANGUAGE CODE
Language code of text/sound track or separate title arm
090 ## - LOCALLY ASSIGNED LC-TYPE CALL NUMBER (OCLC); LOCAL CALL NUMBER (RLIN)
-- 123284
245 00 - TITLE STATEMENT
Title Արարատեան ընկերութիւն :
Remainder of title Հաստատեալ ի 15 ապրիլի 1876։ Տեղեկագիր ...
260 ## - PUBLICATION, DISTRIBUTION, ETC.
Place of publication, distribution, etc. Կոստանդնուպօլիս :
Name of publisher, distributor, etc. Պ. Քիրիշճեան,
Date of publication, distribution, etc. 1879.
300 ## - PHYSICAL DESCRIPTION
Extent Տեղեկագիր.
505 10 - FORMATTED CONTENTS NOTE
Miscellaneous information Տեղեկագիր Բ. (1878, 28(?) էջ) :
-- 1877-1878 ամի
Miscellaneous information Տեղեկագիր Գ. (1879, 96 էջ) :
-- 1878-1879 ամի
650 14 - SUBJECT ADDED ENTRY--TOPICAL TERM
Topical term or geographic name entry element Բարեգործական ընկերություններ
Form subdivision Տեղեկագիր
9 (RLIN) 4792
653 0# - INDEX TERM--UNCONTROLLED
Uncontrolled term Արարատյան ընկերություն - Տեղեկագիր
942 ## - ADDED ENTRY ELEMENTS (KOHA)
Source of classification or shelving scheme Universal Decimal Classification
Koha item type Գրքեր / Books
Holdings
Withdrawn status Lost status Damaged status Not for loan Collection Home library Current library Date acquired Serial enumeration / chronology Total checkouts Full call number Barcode Date last seen Price effective from Koha item type Public note Cost, replacement price Source of classification or shelving scheme
        General Fundamental Scientific Library Fundamental Scientific Library 22/12/2016 3   361.9 220068031 22/12/2016 22/12/2016 Գրքեր / Books 30 Days Loan    
        General Fundamental Scientific Library Fundamental Scientific Library 22/12/2016 3   AII/12041 FL0014095 22/12/2016 22/12/2016 Գրքեր / Books 30 Days Loan 20.00  
        Hovhannisian Individual Collection Fundamental Scientific Library Fundamental Scientific Library 27/09/2018 Բ   Հովհ/2983 FL0522511 27/09/2018 27/09/2018 Գրքեր / Books ILL Non-Circ.   Universal Decimal Classification


ՀՀ ԳԱԱ հիմնարար գիտական գրադարան
ՀՀ,Երևան 0019
Մարշալ Բաղրամյան 24/6
հեռախոս:(374-10) 52-47-50
Հետադարձ կապ

All site content, except where otherwise noted, is licensed under a
Creative Commons License